| 000 | 00350nam a2200133 a 4500 | ||
|---|---|---|---|
| 001 | 000036949 | ||
| 005 | 20200930080036.0 | ||
| 008 | 120207s1951 enk 000 0 spa d | ||
| 040 |
_aDO-SdBNP _bspa _cBNPHU |
||
| 082 |
_axxx _bxxx |
||
| 245 | 0 | 0 | _aSugar year book. |
| 260 |
_aLondon : _bInternacional Sugar Council, _c[1951]. |
||
| 300 |
_a86 p. ; _c14 cm. |
||
| 999 |
_c36439 _d36439 |
||